• 首页
  • 本馆介绍
  • 公告通知
  • 最新文献
  • 馆藏检索
  • 电子资源
  • 读者导购
  • 参考咨询
  • 我的图书馆
  • 登录
  • 详细信息显示
  • 放入我的书架
  • 预约/预借图书
  • 作者相关作品
  • 分类相关作品
  • 丛书相关作品
  • 出版社相关作品

书目信息

  • 表格格式
  • 工作单格式
  • 卡片格式
题名:
专业技术人员内生动力与职业水平
    
 
作者: 佟亚丽 编著
分册:  
出版信息: 北京   新华出版社  2016
页数: 175页
开本: 23cm
丛书名:
单 册:
中图分类: G316
科图分类:
主题词: 专业技术人员--职业--发展--研究
电子资源:
ISBN: 978-7-5166-2190-5
000 01052nam0 2200229 450
001 012001005460
005 20141009114841.0
010    @a978-7-5166-2190-5@dCNY30.00
100    @a20160314d2016 em y0chiy50 ea
101 0  @achi
102    @aCN@b110000
105    @ay z 000yy
106    @ar
200 1  @a专业技术人员内生动力与职业水平@9zhuan ye ji shu ren yuan nei sheng dong li yu zhi ye shui ping@b专著@f佟亚丽编著
210    @a北京@c新华出版社@d2016
215    @a175页@d23cm
330    @a本书运用了心理学和管理学的理论以及大量生动翔实的材料和案例,详细阐述和分析了内生动力对于专业技术人员职业发展的影响因素,深刻剖析了专业技术人员工作质量低等相关问题的根本原因,并对专业技术人员内生动力的养成、积蓄与持久以及如何增强专业技术人员的内生动力提出了有效的解决方法,以期帮助专业技术人员提高自身内动力,从而走向成功,帮助组织找到激发专业技术人员积极性和创造性的有效途径。
606 0  @a专业技术人员@x职业@x发展@x研究
690    @aG316@v5
701  0 @a佟亚丽@9tong ya li@4编著
801  0 @aCN@b上海新华@c20180901
905    @b1174047-51@dG316@e30@f5
    
    专业技术人员内生动力与职业水平/佟亚丽编著.-北京:新华出版社,2016
    175页;23cm
    
    
    ISBN 978-7-5166-2190-5:CNY30.00
    本书运用了心理学和管理学的理论以及大量生动翔实的材料和案例,详细阐述和分析了内生动力对于专业技术人员职业发展的影响因素,深刻剖析了专业技术人员工作质量低等相关问题的根本原因,并对专业技术人员内生动力的养成、积蓄与持久以及如何增强专业技术人员的内生动力提出了有效的解决方法,以期帮助专业技术人员提高自身内动力,从而走向成功,帮助组织找到激发专业技术人员积极性和创造性的有效途径。
●
相关链接 在E读中查询图书 在五车中查询图书 在当当中查询图书 在豆瓣中查询图书


正题名:专业技术人员内生动力与职业水平     索取号:G316/30         预约/预借

序号 登录号 条形码 馆藏地/架位号 状态 备注
1 1174047   211740473   第一样本阅览室/ [索取号:G316/30] 在馆    
2 1174048   211740482   第四借阅区/ [索取号:G316/30] 在馆    
3 1174049   211740491   第四借阅区/ [索取号:G316/30] 在馆    
4 1174050   211740507   第四借阅区/ [索取号:G316/30] 在馆    
5 1174051   211740516   第四借阅区/ [索取号:G316/30] 在馆    
唐山师范学院图书馆 欢迎您!
大连网信软件有限公司© 版权所有